00900 a2200217 4500020003600000035001700036037004500053082000800098090001500106100001500121245004200136250001700178260006300195270006400258300004800322500002500370942002200395999001500417952012400432952012600556 a8177391208 (set)c400.00 (each) aB-211500-501 bRP-ZLS-2776 / UBH-07-08:6 / RP-07-08:ENG a612 c4898d48981 aJain, A.K.1 aText book of physiologycby A.K. Jain a3rd rev. ed. aKala Amb (Office in Delhi also)bAvichal Publishingc2007r a30, Naiwala,bKarol BaghcDelhie110005k25862745l25716921 a2V, 600, lii, 601-1162, lii pc24 cm (pbk) aThis is reprint 2007 adplcENk / JAI c4805d4805 00102ddc407-18NFICaZLSbZLSg400.00l0m0o612 JAIpB-211500r2008-09-15 00:00:00t1u5100v400.00w2008-09-15yEN 00102ddc40708NFICaZLSbZLSd0000-00-00l3m0pB-211501r2021-08-23 00:00:00s2019-06-14u5101v18.00w2008-09-15yEN